Picasso y el toro
Guardat en:
| Autor principal: | |
|---|---|
| Format: | Llibre |
| Idioma: | espanyol |
| Publicat: |
Madrid
Ediciones Rialp S. A
1955
|
| Edició: | 2a. ed |
| Col·lecció: | Biblioteca del Pensamiento Actual, 48
|
| Matèries: | |
| Etiquetes: |
Afegir etiqueta
Sense etiquetes, Sigues el primer a etiquetar aquest registre!
|
MARC
| LEADER | 00000cam a2200000 a 4500 | ||
|---|---|---|---|
| 001 | UCE2421 | ||
| 003 | CL-VaPUC | ||
| 008 | 140703e19550000sp |||||||||||||||||spa|d | ||
| 082 | 0 | 4 | |a 864 |b MAR |2 21 |
| 100 | |a Marrero Suárez, Vicente |e autor |9 313272 | ||
| 245 | 1 | 0 | |a Picasso y el toro |
| 250 | |a 2a. ed | ||
| 300 | |a 162 p | ||
| 942 | |c BK | ||
| 945 | |d 20140703 14:09:00 |a dcastane | ||
| 260 | |a Madrid |b Ediciones Rialp S. A |c 1955 | ||
| 600 | 0 | 7 | |a PICASSO, PABLO RUIZ |2 CL-VaPUC |9 550662 |
| 650 | 0 | |a Ensayos españoles |9 313128 | |
| 650 | 0 | |a Crítica e interpretación |9 255042 | |
| 650 | 0 | |a Crítica de arte |9 334590 | |
| 583 | |a last modification |c 20140703 14:09:00 |k Rodrigo Vera | ||
| 490 | 0 | |a Biblioteca del Pensamiento Actual, 48 | |
| 999 | |c 356022 |d 356020 | ||
| 952 | |0 0 |1 0 |3 erb |4 0 |6 864_000000000000000_MAR_1955 |7 0 |8 A |9 463096 |a BIBEDU |b BIBEDU |i 5047870 |o 864 MAR 1955 |p 5047870 |r 2019-11-23 |w 2019-11-23 |y BK |z Catalogado en:20140703 |k LIT | ||